Word Perfect 5.1 Training Guide (Record no. 2530)

MARC details
000 -LEADER
fixed length control field 00423nam a2200169Ia 4500
008 - FIXED-LENGTH DATA ELEMENTS--GENERAL INFORMATION
fixed length control field 221030s9999 xx 000 0 und d
020 ## - INTERNATIONAL STANDARD BOOK NUMBER
ISBN 8185814392
041 ## - LANGUAGE CODE
Language code of text/sound track or separate title
082 ## - DEWEY DECIMAL CLASSIFICATION NUMBER
Classification number 105.23
Item number Els
100 ## - MAIN ENTRY--AUTHOR NAME
Personal name C. Elston
245 #0 - TITLE STATEMENT
Title Word Perfect 5.1 Training Guide
Statement of responsibility, etc by C. Elston, S. Orrell
260 ## - PUBLICATION, DISTRIBUTION, ETC. (IMPRINT)
Name of publisher Wheelar Pub.
Place of publication New Delhi
Year of publication 1994
300 ## - PHYSICAL DESCRIPTION
Number of Pages 100
650 ## - SUBJECT ADDED ENTRY--TOPICAL TERM
Topical Term BE Computer
700 ## - ADDED ENTRY--PERSONAL NAME
Personal name S. Orrell
942 ## - ADDED ENTRY ELEMENTS (KOHA)
Koha item type Books
Holdings
Accession Number Cost, normal purchase price Full call number Price effective from Koha item type Withdrawn / writtenoff status Materials specified (bound volume or other part) Damaged status Not for loan Permanent Location Current Location Shelving location Date acquired Lost/ Missing status department
BE 1484 60.00 105.23 Els 10/30/2022 Books   Print     MIET Library, Jammu MIET Library, Jammu BL-Academic Block C, FL-2, CUP-48, SH-4, R-4 05/06/2000   BE
BE 1485 60.00 105.23 Els 10/30/2022 Books   Print   Not For Loan MIET Library, Jammu MIET Library, Jammu BL-Second, FL-1, CUP-23, SH-4, R-4 05/06/2000   BE